[Event "Chigorin Memorial 26th"]
[Site "St Petersburg"]
[Date "2018.10.30"]
[Round "4"]
[White "Tyapkin, Petr"]
[Black "Ageeva, Vasilisa"]
[Result "1-0"]
[WhiteElo "2080"]
[BlackElo "1745"]
[PlyCount "79"]
[EventDate "2018.10.27"]
[EventType "swiss"]
[EventRounds "9"]
[EventCountry "RUS"]
[SourceTitle "CBM 187 Extra"]
[Source "ChessBase"]
[SourceDate "2018.11.04"]
[SourceVersion "1"]
[SourceVersionDate "2018.11.04"]
[SourceQuality "1"]

1. d4 d5 2. Nf3 Nf6 3. c4 dxc4 4. e3 e6 5. Bxc4 c5 6. 0-0 a6 7. a4 Nc6 8. Qe2 cxd4 9. Rd1 Qc7 10. exd4 Be7 11. Nc3 0-0 12. Bg5 Nb4 13. Rac1 Qa5 14. Bd2 Qb6 15. Bf4 Re8 16. Ne5 Nbd5 17. Bg3 Qa5 18. Bb3 Qd8 19. Qf3 Rf8 20. Bh4 Rb8 21. Bg3 Ra8 22. h3 h6 23. Ba2 Nb4 24. Bb1 Nbd5 25. Bh4 Nd7 26. Qd3 f5 27. Bxe7 Nxe7 28. Nxd7 Qxd7 29. Ba2 Rd8 30. d5 exd5 31. Bxd5+ Nxd5 32. Nxd5 Kh8 33. Qf3 Qf7 34. Nb6 Rxd1+ 35. Qxd1 Rb8 36. Qd6 Qf6 37. Qxf6 gxf6 38. Rxc8+ Rxc8 39. Nxc8 f4 40. a5 1-0

[Event "Saratov Region-ch"]
[Site "Saratov"]
[Date "2016.12.22"]
[Round "8"]
[White "Korolkov, Alexander"]
[Black "Tyapkin, Petr"]
[Result "1/2-1/2"]
[WhiteElo "1686"]
[BlackElo "1878"]
[PlyCount "61"]
[EventDate "2016.12.15"]
[EventType "swiss"]
[EventRounds "9"]
[EventCountry "RUS"]
[SourceTitle "EXT 2018"]
[Source "ChessBase"]
[SourceDate "2017.10.13"]
[SourceVersion "1"]
[SourceVersionDate "2017.10.13"]
[SourceQuality "1"]

1. c4 Nf6 2. Nc3 d6 3. Nf3 e5 4. e4 Nc6 5. d4 Bg4 6. d5 Nd4 7. Be2 Nxe2 8. Qxe2 g6 9. h3 Bd7 10. Be3 Bg7 11. 0-0 0-0 12. Nd2 Nh5 13. Qd1 Be8 14. Ne2 f5 15. f4 exf4 16. Nxf4 Nxf4 17. Rxf4 Bxb2 18. Rb1 Be5 19. Rf1 f4 20. Bf2 b6 21. Nf3 Bg7 22. Bd4 h6 23. Bxg7 Kxg7 24. Qd4+ Kh7 25. Rbe1 g5 26. e5 dxe5 27. Nxe5 Qd6 28. Qe4+ Kg7 29. Ng4 Bg6 30. Qd4+ Kh7 31. Re6 1/2-1/2

[Event "Saratov Regional-ch"]
[Site "Saratov"]
[Date "2015.12.13"]
[Round "9"]
[White "Tyapkin, Petr"]
[Black "Upolovnev, Vladimir"]
[Result "1-0"]
[WhiteElo "1893"]
[BlackElo "1861"]
[PlyCount "67"]
[EventDate "2015.12.05"]
[EventType "swiss"]
[EventRounds "9"]
[EventCountry "RUS"]
[SourceTitle "EXT 2017"]
[Source "ChessBase"]
[SourceDate "2016.10.25"]
[SourceVersion "1"]
[SourceVersionDate "2016.10.25"]
[SourceQuality "1"]

1. d4 Nf6 2. Nf3 g6 3. c4 Bg7 4. Nc3 0-0 5. Bg5 d6 6. e3 c6 7. Be2 Qa5 8. 0-0 h6 9. Bxf6 Bxf6 10. Qd2 Qc7 11. h3 Bg7 12. Rfd1 Nd7 13. Rac1 Nf6 14. e4 e5 15. dxe5 dxe5 16. Qe3 Qe7 17. c5 Nh5 18. Rd6 Be6 19. b4 Nf4 20. a4 Rad8 21. Rcd1 Bc8 22. Bc4 Ne6 23. b5 cxb5 24. Nd5 Qe8 25. Bxb5 Bd7 26. Bxd7 Rxd7 27. Rxd7 Nd4 28. Re7 Qxa4 29. Qd3 Ne6 30. Rc1 Rb8 31. Qc2 Qc6 32. Qc3 f6 33. Qc4 Kf8 34. Nb4 1-0

[Event "Saratov Regional-ch"]
[Site "Saratov"]
[Date "2015.12.11"]
[Round "6"]
[White "Mamonov, Alexey"]
[Black "Tyapkin, Petr"]
[Result "1/2-1/2"]
[WhiteElo "1910"]
[BlackElo "1893"]
[PlyCount "80"]
[EventDate "2015.12.05"]
[EventType "swiss"]
[EventRounds "9"]
[EventCountry "RUS"]
[SourceTitle "EXT 2017"]
[Source "ChessBase"]
[SourceDate "2016.10.25"]
[SourceVersion "1"]
[SourceVersionDate "2016.10.25"]
[SourceQuality "1"]

1. d4 Nf6 2. Nf3 g6 3. g3 Bg7 4. Bg2 0-0 5. 0-0 d6 6. c4 Nc6 7. Nc3 a6 8. e4 Bg4 9. Be3 Nd7 10. Qd3 Bxf3 11. Bxf3 e5 12. Ne2 exd4 13. Nxd4 Nde5 14. Nxc6 Nxf3+ 15. Kg2 Nh4+ 16. gxh4 bxc6 17. Bg5 Qd7 18. Rab1 h6 19. Bf4 Qg4+ 20. Qg3 Qe6 21. Qd3 Qg4+ 22. Bg3 f5 23. f3 fxe4 24. fxe4 Rxf1 25. Rxf1 Re8 26. Re1 Qe6 27. b3 c5 28. Qd2 Kh7 29. Qd5 Bd4 30. h3 Re7 31. h5 gxh5 32. Qxh5 Rg7 33. Qf5+ Qxf5 34. exf5 Be5 35. Re3 Bxg3 36. Rxg3 Rxg3+ 37. Kxg3 Kg7 38. Kf4 Kf6 39. h4 c6 40. Ke4 Kf7 1/2-1/2

[Event "Saratov Regional-ch"]
[Site "Saratov"]
[Date "2015.12.08"]
[Round "4"]
[White "Korolkov, Alexander"]
[Black "Tyapkin, Petr"]
[Result "0-1"]
[WhiteElo "1527"]
[BlackElo "1893"]
[PlyCount "36"]
[EventDate "2015.12.05"]
[EventType "swiss"]
[EventRounds "9"]
[EventCountry "RUS"]
[SourceTitle "EXT 2017"]
[Source "ChessBase"]
[SourceDate "2016.10.25"]
[SourceVersion "1"]
[SourceVersionDate "2016.10.25"]
[SourceQuality "1"]

1. c4 Nf6 2. Nc3 g6 3. g3 Bg7 4. Bg2 0-0 5. d4 d6 6. e4 Nc6 7. Nf3 Bg4 8. 0-0 e5 9. d5 Nd4 10. Be3 Re8 11. Re1 Qd7 12. Rc1 a6 13. Bxd4 exd4 14. Qxd4 Nxe4 15. Qd3 Nxc3 16. bxc3 Qa4 17. Rxe8+ Rxe8 18. Rc2 Bf5 0-1

[Event "Saratov Regional-ch"]
[Site "Saratov"]
[Date "2014.12.09"]
[Round "4"]
[White "Raisov, Idris"]
[Black "Tyapkin, Petr"]
[Result "1-0"]
[WhiteElo "2049"]
[BlackElo "1750"]
[PlyCount "101"]
[EventDate "2014.12.06"]
[EventType "swiss"]
[EventRounds "9"]
[EventCountry "RUS"]
[SourceTitle "CBM 164 Extra"]
[Source "ChessBase"]
[SourceDate "2015.03.02"]
[SourceVersion "1"]
[SourceVersionDate "2015.03.02"]
[SourceQuality "1"]

1. d4 Nf6 2. Nf3 g6 3. c4 Bg7 4. Nc3 0-0 5. e4 d6 6. h3 e5 7. dxe5 dxe5 8. Qxd8 Rxd8 9. Bg5 Re8 10. 0-0-0 c6 11. Be2 Nbd7 12. Be3 Bf8 13. Nd2 a5 14. Na4 Bb4 15. f3 Nh5 16. Rhe1 Nf4 17. Bf1 Ne6 18. a3 Be7 19. Nb3 Bg5 20. Bxg5 Nxg5 21. c5 Re7 22. Rd6 f5 23. Bc4+ Kg7 24. exf5 gxf5 25. Nd4 Re8 26. Nxf5+ Kf8 27. Nh6 e4 28. h4 exf3 29. Rxe8+ Kxe8 30. hxg5 fxg2 31. Rd1 Ne5 32. Be2 Bh3 33. Bh5+ Ke7 34. Nc3 Nd3+ 35. Kc2 Rf8 36. Ne2 Nf4 37. Ng1 Be6 38. Bg4 Bd5 39. Nf5+ Ke8 40. Ne3 Be4+ 41. Kc3 Rg8 42. Bf3 Bxf3 43. Nxf3 h5 44. Re1 Kd8 45. Nf5 Nh3 46. Nd6 Rf8 47. Ng1 Nxg1 48. Rxg1 Rf3+ 49. Kd2 Rg3 50. Ke2 Rxg5 51. Nf7+ 1-0

[Event "Saratov Regional-ch"]
[Site "Saratov"]
[Date "2014.12.06"]
[Round "1"]
[White "Tyapkin, Petr"]
[Black "Guliev, Gasan"]
[Result "1/2-1/2"]
[WhiteElo "1750"]
[BlackElo "2064"]
[PlyCount "145"]
[EventDate "2014.12.06"]
[EventType "swiss"]
[EventRounds "9"]
[EventCountry "RUS"]
[SourceTitle "CBM 164 Extra"]
[Source "ChessBase"]
[SourceDate "2015.03.02"]
[SourceVersion "1"]
[SourceVersionDate "2015.03.02"]
[SourceQuality "1"]

1. d4 d5 2. Nf3 Nf6 3. c4 e6 4. Bg5 Bb4+ 5. Nc3 h6 6. Bxf6 Qxf6 7. e3 0-0 8. Bd3 dxc4 9. Bxc4 Nc6 10. 0-0 Bxc3 11. bxc3 e5 12. Bd5 exd4 13. cxd4 Ne7 14. Bc4 Bg4 15. Be2 Rfd8 16. Rc1 c6 17. Qb3 b5 18. h3 Be6 19. Qb1 a5 20. Ne5 b4 21. Bf3 Bd5 22. Bxd5 Rxd5 23. Qb3 c5 24. Rxc5 Rxc5 25. Nd7 Qg5 26. Nxc5 Ng6 27. Ne4 Qe7 28. Nc5 Qg5 29. Ne4 Qf5 30. Nc5 Nh4 31. e4 Qf6 32. Qe3 Rd8 33. d5 Qb2 34. Qb3 Qd4 35. Qe3 Qc4 36. Nb3 a4 37. Rc1 Qb5 38. Nd4 Qb7 39. Nc6 Re8 40. Rb1 f5 41. Rxb4 Qf7 42. d6 f4 43. Qd3 Qd7 44. Qd5+ Kh7 45. Ne5 Qc8 46. Qc6 Qd8 47. Qc7 Qg5 48. Ng4 f3 49. d7 Rd8 50. Rd4 fxg2 51. Rd5 Qe7 52. Qf4 Rxd7 53. Rxd7 Qxd7 54. Qc1 Qd3 55. e5 Qxh3 56. Qc2+ Ng6 57. Nh2 a3 58. Qe4 Qe6 59. Kxg2 Qxe5 60. Qc2 Qb2 61. Qc4 Qb7+ 62. f3 h5 63. Nf1 Qb2+ 64. Kg1 h4 65. Qg4 Qb6+ 66. Kg2 Kh6 67. f4 Qb2+ 68. Kh1 Qf6 69. Ne3 Qxf4 70. Nf5+ Kh7 71. Qh5+ Kg8 72. Qxg6 Qf1+ 73. Kh2 1/2-1/2

[Event "Saratov Shestoperov Memorial U13"]
[Site "Saratov"]
[Date "2014.06.21"]
[Round "6"]
[White "Kavyev, Ruslan"]
[Black "Tyapkin, Petr"]
[Result "1/2-1/2"]
[WhiteElo "1887"]
[BlackElo "1725"]
[PlyCount "145"]
[EventDate "2014.06.16"]
[EventType "swiss"]
[EventRounds "9"]
[EventCountry "RUS"]
[SourceTitle "EXT 2015"]
[Source "ChessBase"]
[SourceDate "2014.11.20"]
[SourceVersion "1"]
[SourceVersionDate "2014.11.20"]
[SourceQuality "1"]

1. e4 e6 2. d4 d5 3. Nc3 Bb4 4. exd5 exd5 5. Bd3 Nf6 6. Nf3 0-0 7. 0-0 Bg4 8. a3 Be7 9. h3 Bh5 10. Be2 Bxf3 11. Bxf3 c6 12. Ne2 Nbd7 13. Bf4 Re8 14. c3 Nf8 15. Qd2 Ng6 16. Bg3 Bd6 17. Rae1 Qc7 18. Bxd6 Qxd6 19. Nc1 Qf4 20. Qxf4 Nxf4 21. Kh2 Rxe1 22. Rxe1 Ne6 23. h4 h6 24. g3 Kf8 25. Nd3 Re8 26. Bg2 h5 27. Bh3 Ne4 28. Re2 g6 29. f3 Nd6 30. Kg2 Nc7 31. Kf2 Rxe2+ 32. Kxe2 f6 33. Kd2 Kf7 34. b3 Ncb5 35. a4 Nc7 36. Nc5 f5 37. Ke3 Ne6 38. Nxe6 Kxe6 39. Bf1 a6 40. a5 Kf6 41. Bd3 Ne8 42. c4 Nd6 43. c5 Ne8 44. b4 Nc7 45. Be2 Ne6 46. Bd3 Ng7 47. Be2 Ne6 48. Bf1 Kf7 49. Be2 Kf6 50. Bd3 Kf7 51. Bf1 Kf6 52. Be2 Kf7 53. Kd3 Kf6 54. Ke3 Kf7 55. Bf1 Kf6 56. Bh3 Kf7 57. g4 f4+ 58. Kd3 hxg4 59. Bxg4 Nd8 60. Bc8 Kg7 61. Ke2 Kh6 62. Bg4 g5 63. hxg5+ Kxg5 64. Kf2 Kh4 65. Kg2 Kg5 66. Kh3 Nf7 67. Be6 Nd8 68. Bc8 Kh5 69. Bd7 Kg5 70. Bg4 Nf7 71. Be6 Nd8 72. Bg8 Kh5 73. Bh7 1/2-1/2

[Event "Saratov-ch"]
[Site "Saratov"]
[Date "2014.03.05"]
[Round "9"]
[White "Bolychevsky, Alexander"]
[Black "Tyapkin, Petr"]
[Result "1-0"]
[WhiteElo "1866"]
[BlackElo "1709"]
[PlyCount "51"]
[EventDate "2014.02.24"]
[EventType "swiss"]
[EventRounds "9"]
[EventCountry "RUS"]
[SourceTitle "CBM 159 Extra"]
[Source "ChessBase"]
[SourceDate "2014.04.24"]
[SourceVersion "1"]
[SourceVersionDate "2014.04.24"]
[SourceQuality "1"]

1. e4 c5 2. Nf3 d6 3. d4 cxd4 4. Nxd4 Nf6 5. Nc3 g6 6. Be3 Bg7 7. f3 0-0 8. Qd2 Nc6 9. Bc4 Nd7 10. 0-0-0 Nb6 11. Be2 Ne5 12. b3 Bd7 13. h4 Rc8 14. h5 a6 15. Bh6 e6 16. Bxg7 Kxg7 17. hxg6 hxg6 18. Qh6+ Kf6 19. f4 Rxc3 20. fxe5+ dxe5 21. Nf3 Qc8 22. Qg5+ Kg7 23. Rh7+ Kxh7 24. Qf6 Rxc2+ 25. Kb1 Rb2+ 26. Kxb2 1-0

[Event "Saratov-ch"]
[Site "Saratov"]
[Date "2014.03.01"]
[Round "6"]
[White "Kavyev, Emil"]
[Black "Tyapkin, Petr"]
[Result "1-0"]
[WhiteElo "1761"]
[BlackElo "1709"]
[PlyCount "47"]
[EventDate "2014.02.24"]
[EventType "swiss"]
[EventRounds "9"]
[EventCountry "RUS"]
[SourceTitle "CBM 159 Extra"]
[Source "ChessBase"]
[SourceDate "2014.04.24"]
[SourceVersion "1"]
[SourceVersionDate "2014.04.24"]
[SourceQuality "1"]

1. e4 c5 2. Nf3 d6 3. d4 cxd4 4. Nxd4 Nf6 5. Nc3 g6 6. Be3 Bg7 7. f3 0-0 8. Qd2 Nc6 9. 0-0-0 d5 10. Kb1 e6 11. h4 Qe7 12. Bg5 Qb4 13. Be3 Rb8 14. Nb3 b6 15. exd5 exd5 16. Nxd5 Nxd5 17. Qxd5 Rd8 18. Qxd8+ Nxd8 19. Rxd8+ Bf8 20. Bh6 Qe1+ 21. Nc1 Bd7 22. Rxb8 Be8 23. Bb5 Qxh1 24. Rxe8 1-0